Seven deadly sins - Statistics

General Stats
  • This quiz has been taken 36 times
  • The average score is 6 of 7
Answer Stats
Hint Answer % Correct
2 Gluttony
97%
1 Lust
81%
3 Greed
78%
7 Pride
78%
4 Sloth
78%
5 Envy
75%
6 Wrath
66%
No matching quizzes found
Score Distribution
Percent of People with Each Score
Percentile by Number Answered
Your Score History
You have not taken this quiz